LEADER 00787nam0-2200289---450- 001 990008167100403321 005 20050720110448.0 035 $a000816710 035 $aFED01000816710 035 $a(Aleph)000816710FED01 035 $a000816710 100 $a20050720d1976----km-y0itay50------ba 101 0 $aita 102 $aIT 105 $aa-------001yy 200 1 $aConversano$ealla scoperta di un angolo di Puglia$fCosmo Francesco Ruppi 210 $aFasano$c[Schena]$dc1976 215 $a[105] p.$cill.$d19 cm 610 0 $aConversano 700 1$aRuppi,$bCosmo Francesco$0318953 801 0$aIT$bUNINA$gRICA$2UNIMARC 901 $aBK 912 $a990008167100403321 952 $aSEZ.NA B 750$b13042$fFARBC 959 $aFARBC 996 $aConversano$9736427 997 $aUNINA LEADER 00999nam0-22003251i-450 001 990005520780203316 005 20200410161335.0 010 $a88-7213-080-8 035 $a000552078 035 $aUSA01000552078 035 $a(ALEPH)000552078USA01 100 $a20050405d2000----km y1itay5003----ba 101 0 $aita 102 $aIT 200 1 $aStudi sul 1799 nel Molise$eindagine bibliografica dalla sezione molisana della Biblioteca provinciale Pasquale Albino di Campobasso$fIsa De Matteis, Giulia Severino 210 $aCampobasso$cEnne$d[2000] 215 $a78 p.$d24 cm 225 2 $aMemoria$v6 410 1$12001$aMemoria$v6 606 0 $aBibliografie specializzate$2BNCF 676 $a016.9457190743 701 1$aDE_MATTEIS,$bIsa$0334041 702 1$aSEVERINO,$bGiulia 801 0$aIT$bSOL$c20120104 912 $a990005520780203316 951 $a000 016.945719 DEM$b2657 DISES 959 $aBK 969 $aDISES 996 $aStudi sul 1799 nel Molise$91130212 997 $aUNISA